[Event "M.Chigorin Memorial 2017 "]
[Site "?????-?????????"]
[Date "2017.10.26"]
[Round "6"]
[Board "58"]
[White "Yatzenko, Anton"]
[Black "Oglaza, Oskar"]
[Result "0-1"]
[WhiteElo "2365"]
[BlackElo "2182"]
[PlyCount "156"]
[EventDate "2017.10.21"]
[EventRounds "9"]
[EventCountry "RUS"]

1. d4 Nf6 2. Bg5 d5 3. Bxf6 gxf6 4. e3 c5 5. Nc3 Nc6 6. Nge2 e6 7. g3 cxd4 8.
exd4 f5 9. Bg2 Bg7 10. O-O O-O 11. Na4 Ne7 12. Nc5 Ng6 13. Nd3 Bd7 14. a4 Rc8
15. c3 Bh6 16. Kh1 Kh8 17. Ng1 b6 18. Nh3 f6 19. Re1 Rg8 20. Qh5 Qf8 21. a5 Rc7
22. Ra3 Qg7 23. axb6 axb6 24. Rb3 Rc6 25. Ra1 Be8 26. Qe2 f4 27. Ra8 Bf7 28.
Ra7 e5 29. Nb4 Rd6 30. Rba3 e4 31. Bf1 e3 32. Rb7 fxg3 33. hxg3 f5 34. Raa7 Rf6
35. f4 Bxf4 36. Rxf7 Rxf7 37. Rxf7 Qxf7 38. gxf4 Re8 39. Bg2 Qf6 40. Nxd5 Qh4
41. Kg1 Qg3 42. Ng5 Ra8 43. Nxe3 Nxf4 44. Nf7+ Kg8 45. Nh6+ Kf8 46. Qf3 Ra1+
47. Nf1 Nh3+ 48. Kh1 Nf2+ 49. Kg1 Nh3+ 50. Kh1 Qxf3 51. Bxf3 Rxf1+ 52. Kg2 Rf2+
53. Kg3 f4+ 54. Kg4 Ng1 55. Be4 Rxb2 56. Kxf4 Ne2+ 57. Ke5 Nxc3 58. Bc6 Re2+
59. Kd6 Kg7 60. Nf5+ Kf6 61. Ng3 Rd2 62. d5 Rd3 63. Nh5+ Kg5 64. Ng7 h5 65. Ke5
Nxd5 66. Bxd5 h4 67. Ne6+ Kg4 68. Nd4 h3 69. Be6+ Kg3 70. Bxh3 Kxh3 71. Kd5 Rc3
72. Ne2 Rc2 73. Nd4 Rc5+ 74. Ke4 Kg4 75. Kd3 b5 76. Nc2 Kf4 77. Nb4 Ke5 78. Na6
Rc4  0-1

[Event "M.Chigorin Memorial 2017 "]
[Site "?????-?????????"]
[Date "2017.10.26"]
[Round "6"]
[Board "59"]
[White "Shubin, Kirill"]
[Black "Zhou, Guijue"]
[Result "1-0"]
[WhiteElo "2359"]
[BlackElo "2179"]
[PlyCount "109"]
[EventDate "2017.10.21"]
[EventRounds "9"]
[EventCountry "RUS"]

1. e4 e5 2. Nf3 Nf6 3. Nxe5 d6 4. Nf3 Nxe4 5. d4 d5 6. Bd3 Nc6 7. O-O Be7 8.
Nc3 Nxc3 9. bxc3 Bg4 10. Rb1 Rb8 11. h3 Bh5 12. Bf5 Bg6 13. Qd3 O-O 14. Bf4 Bd6
15. Bg5 Be7 16. h4 Bxg5 17. Nxg5 Qf6 18. Bxg6 Qxg6 19. Rb5 Rfd8 20. Qd1 h6 21.
Nh3 Ne7 22. Nf4 Qf5 23. g3 c6 24. Rb1 b6 25. Re1 Re8 26. Re5 Qd7 27. Qe2 Kf8
28. Re1 Ng8 29. c4 dxc4 30. Qxc4 Nf6 31. Qb4+ Kg8 32. Re7 Rxe7 33. Rxe7 Qf5 34.
Qb3 Nd7 35. Qa4 Kf8 36. Re2 g5 37. hxg5 hxg5 38. Nd3 Qd5 39. Ne5 Nxe5 40. Rxe5
Qd7 41. Qa3+ c5 42. dxc5 Qd2 43. cxb6+ Kg7 44. Qe7 Kg6 45. bxa7 Rh8 46. Re6+
fxe6 47. Qxe6+ Kg7 48. Qe5+ Kh7 49. Qxh8+ Kxh8 50. a8=Q+ Kg7 51. Qb7+ Kg6 52.
Qc6+ Kh5 53. a4 Qb4 54. Kg2 Qd2 55. g4+  1-0

[Event "M.Chigorin Memorial 2017 "]
[Site "?????-?????????"]
[Date "2017.10.26"]
[Round "6"]
[Board "60"]
[White "Naboka, Sergey"]
[Black "Petrova, Irina"]
[Result "1/2-1/2"]
[WhiteElo "2351"]
[BlackElo "2174"]
[PlyCount "98"]
[EventDate "2017.10.21"]
[EventRounds "9"]
[EventCountry "RUS"]

1. e4 d6 2. d4 Nf6 3. Nc3 g6 4. h3 Bg7 5. g4 c6 6. Bg2 h5 7. g5 Nfd7 8. f4 Nb6
9. Nf3 d5 10. O-O O-O 11. b3 a5 12. a4 Na6 13. Ne5 dxe4 14. Nxe4 Bf5 15. c4 f6
16. gxf6 exf6 17. Nxg6 Bxg6 18. f5 Bf7 19. Rf3 Kh7 20. Rg3 Rg8 21. Rg5 Rh8 22.
Rg3 Nb4 23. Bb2 Rg8 24. d5 Bh8 25. Qf3 Rxg3 26. Qxg3 cxd5 27. Rd1 Qg8 28. Qxg8+
Rxg8 29. Nd6 Be8 30. Nxe8 Rxe8 31. cxd5 Bg7 32. Bc3 Rd8 33. Bxb4 axb4 34. d6
Bf8 35. a5 Bxd6 36. Kf1 Nc8 37. Bxb7 Na7 38. a6 Kg7 39. Rd4 Kh6 40. h4 Kg7 41.
Bf3 Kh6 42. Rd2 Bc7 43. Rg2 Be5 44. Ke2 Nb5 45. Ke3 Nc3 46. a7 Bd4+ 47. Kf4
Be5+ 48. Ke3 Bd4+ 49. Kf4 Be5+  1/2-1/2

[Event "M.Chigorin Memorial 2017 "]
[Site "?????-?????????"]
[Date "2017.10.26"]
[Round "6"]
[Board "61"]
[White "Ahmadzada, Ahmad"]
[Black "Volkov, Roman"]
[Result "1-0"]
[WhiteElo "2345"]
[BlackElo "2165"]
[PlyCount "79"]
[EventDate "2017.10.21"]
[EventRounds "9"]
[EventCountry "RUS"]

1. e4 e5 2. Nf3 Nc6 3. Bb5 a6 4. Ba4 Nf6 5. O-O Be7 6. Bxc6 dxc6 7. d3 Nd7 8.
b3 c5 9. Bb2 f6 10. Nh4 O-O 11. Nf5 Nb8 12. Nxe7+ Qxe7 13. Nc3 Be6 14. f4 Nc6
15. Nd5 Qd6 16. fxe5 Nxe5 17. Ne3 Rad8 18. Qe1 Nc6 19. Qh4 Nd4 20. Rf2 b5 21.
Rd1 Bc8 22. Rdf1 Be6 23. Ba3 Nc6 24. Qh5 Ne5 25. Bb2 Nc6 26. Rd1 Bf7 27. Qh4
Bg6 28. Rdf1 Nd4 29. Qg4 Rfe8 30. h4 Qe5 31. Nf5 Bxf5 32. Rxf5 Qe6 33. Bxd4
Rxd4 34. Qg3 Qd6 35. e5 fxe5 36. Rf7 Qh6 37. Qxe5 Ra8 38. Rxc7 Rad8 39. Re7 Qg6
40. h5  1-0

[Event "M.Chigorin Memorial 2017 "]
[Site "?????-?????????"]
[Date "2017.10.26"]
[Round "6"]
[Board "62"]
[White "Chashchev, Sergey"]
[Black "Shirshov, Nikolay"]
[Result "0-1"]
[WhiteElo "2342"]
[BlackElo "2134"]
[PlyCount "52"]
[EventDate "2017.10.21"]
[EventRounds "9"]
[EventCountry "RUS"]

1. Nf3 c5 2. g3 Nc6 3. Bg2 g6 4. O-O Bg7 5. c4 d6 6. Nc3 e5 7. d3 Nge7 8. a3
O-O 9. Rb1 a5 10. Bd2 h6 11. Ne1 f5 12. Nc2 f4 13. b4 axb4 14. axb4 cxb4 15.
Nxb4 Nxb4 16. Rxb4 Nc6 17. Rb1 Kh7 18. Be4 Bh3 19. Re1 Rb8 20. Qa4 Nd4 21. Qa7
Qg5 22. e3 fxg3 23. hxg3 Rxf2 24. Kxf2 Rf8+ 25. Kg1 Qxg3+ 26. Kh1 Rf2  0-1

[Event "M.Chigorin Memorial 2017 "]
[Site "?????-?????????"]
[Date "2017.10.26"]
[Round "6"]
[Board "63"]
[White "Eryshkanova, Anastasiya"]
[Black "Aliyev, Ravan"]
[Result "0-1"]
[WhiteElo "2127"]
[BlackElo "2341"]
[PlyCount "108"]
[EventDate "2017.10.21"]
[EventRounds "9"]
[EventCountry "RUS"]

1. Nf3 Nf6 2. g3 d5 3. Bg2 Bf5 4. O-O e6 5. c4 c6 6. cxd5 exd5 7. d3 Be7 8. Qb3
Qb6 9. Qc2 h6 10. Nc3 O-O 11. e4 Bh7 12. a3 dxe4 13. dxe4 Nbd7 14. Re1 Ng4 15.
h3 Nge5 16. Nxe5 Nxe5 17. Be3 Qa6 18. f4 Nc4 19. Bf2 Rfd8 20. Red1 b5 21. Qe2
f6 22. Bf1 Qb7 23. Rxd8+ Rxd8 24. Rd1 Rxd1 25. Qxd1 Kh8 26. Bxc4 bxc4 27. Qd2
Bg8 28. f5 Qc7 29. Kg2 Bd6 30. Ne2 Qe7 31. Kf3 Bf7 32. Be3 Kh7 33. Bf4 Bc5 34.
Be3 Bd6 35. Bf4 Bc5 36. Be3 Bd6 37. Nf4 Bc7 38. g4 Be5 39. Ne2 Qb7 40. Nc3 Qb8
41. Bf4 Bxf4 42. Qxf4 Qxb2 43. Qe3 Qh2 44. Ne2 Qxh3+ 45. Ng3 h5 46. gxh5 Bxh5+
47. Kf2 Qh2+ 48. Ke1 Bg4 49. e5 fxe5 50. Qxe5 Qg1+ 51. Kd2 Qd1+ 52. Ke3 Qe1+
53. Kf4 Qxe5+ 54. Kxe5 c3  0-1

[Event "M.Chigorin Memorial 2017 "]
[Site "?????-?????????"]
[Date "2017.10.26"]
[Round "6"]
[Board "64"]
[White "Zaykov, Sergey"]
[Black "Askerov, Marat"]
[Result "1/2-1/2"]
[WhiteElo "2125"]
[BlackElo "2332"]
[PlyCount "96"]
[EventDate "2017.10.21"]
[EventRounds "9"]
[EventCountry "RUS"]

1. Nf3 Nf6 2. c4 e6 3. e3 b6 4. b3 c5 5. Bb2 Bb7 6. Be2 Be7 7. Nc3 O-O 8. O-O
Nc6 9. d4 cxd4 10. Nxd4 Re8 11. Bf3 Qc7 12. Nxc6 dxc6 13. Qc2 b5 14. Ne4 Nxe4
15. Qxe4 b4 16. Rfd1 Rad8 17. Qe5 Qxe5 18. Bxe5 Ba8 19. Kf1 f6 20. Bb2 Kf7 21.
Ke2 e5 22. g4 Ke6 23. Bg2 g6 24. Rxd8 Rxd8 25. Rd1 Rg8 26. Rg1 a5 27. Bf3 Bb7
28. Be4 Ra8 29. Bb1 a4 30. Rg3 axb3 31. axb3 Rf8 32. Rg1 c5 33. Bc2 Bd6 34. f3
Rf7 35. Be4 Bxe4 36. fxe4 f5 37. exf5+ gxf5 38. Rg3 Ra7 39. Kd2 fxg4 40. Rxg4
Kf5 41. Rh4 Rg7 42. e4+ Kg5 43. Rh3 Kf4 44. Kd3 Rg1 45. Rh4+ Kf3 46. Rh3+ Kf4
47. Rh4+ Kf3 48. Rh3+ Kf4  1/2-1/2

[Event "M.Chigorin Memorial 2017 "]
[Site "?????-?????????"]
[Date "2017.10.26"]
[Round "6"]
[Board "65"]
[White "Korchagina, Viktoria"]
[Black "Timerkhanov, Alexander"]
[Result "0-1"]
[WhiteElo "2110"]
[BlackElo "2312"]
[PlyCount "88"]
[EventDate "2017.10.21"]
[EventRounds "9"]
[EventCountry "RUS"]

1. e4 c5 2. Nf3 b6 3. d4 cxd4 4. Nxd4 Bb7 5. Nc3 a6 6. a4 e6 7. Bd3 Qc7 8. O-O
Nf6 9. Qe2 d6 10. f4 Nbd7 11. Bd2 Be7 12. Rae1 Nc5 13. Kh1 Nxd3 14. cxd3 Rd8
15. Rc1 Qb8 16. Na2 O-O 17. Nb4 Rc8 18. Nbc6 Bxc6 19. Nxc6 Qb7 20. Nxe7+ Qxe7
21. Qe3 Qb7 22. Bb4 Rxc1 23. Rxc1 Rd8 24. Qd4 Rc8 25. Rc3 d5 26. Rxc8+ Qxc8 27.
Bc3 Qc6 28. h3 h6 29. Qb4 dxe4 30. Bxf6 Qc1+ 31. Kh2 Qxf4+ 32. Kh1 Qxf6 33.
dxe4 Qf1+ 34. Kh2 Qf4+ 35. Kh1 Qc1+ 36. Kh2 Qc7+ 37. Kh1 g5 38. Qd4 Kh7 39. Qb4
Kg6 40. Qd4 f6 41. Qb4 h5 42. Qd4 g4 43. hxg4 hxg4 44. Qe3 g3  0-1

[Event "M.Chigorin Memorial 2017 "]
[Site "?????-?????????"]
[Date "2017.10.26"]
[Round "6"]
[Board "66"]
[White "Donskov, Anatoly"]
[Black "Krestin, Denis"]
[Result "1-0"]
[WhiteElo "2308"]
[BlackElo "2107"]
[PlyCount "69"]
[EventDate "2017.10.21"]
[EventRounds "9"]
[EventCountry "RUS"]

1. e4 e5 2. Nf3 Nc6 3. Nc3 Nf6 4. d4 exd4 5. Nxd4 Bb4 6. Nxc6 bxc6 7. Bd3 d5 8.
exd5 cxd5 9. O-O c6 10. h3 O-O 11. Qf3 Be6 12. Bf4 Bd6 13. Ne2 Rb8 14. b3 c5
15. Rad1 Re8 16. Rfe1 d4 17. c4 Bc8 18. Bxd6 Qxd6 19. Qf4 Re5 20. Qd2 Bb7 21.
Ng3 Rbe8 22. a3 Qc6 23. Bf1 h5 24. Rxe5 Rxe5 25. b4 h4 26. Qf4 Re8 27. Qxh4 Qa4
28. Rd3 Be4 29. Nxe4 Rxe4 30. Qg5 Re1 31. Qd2 Rb1 32. Qe2 cxb4 33. Rxd4 g6 34.
Qe5 Nd7 35. Qe8+  1-0

[Event "M.Chigorin Memorial 2017 "]
[Site "?????-?????????"]
[Date "2017.10.26"]
[Round "6"]
[Board "67"]
[White "Lingur, Zalina"]
[Black "Remizov, Yaroslav"]
[Result "0-1"]
[WhiteElo "2108"]
[BlackElo "2306"]
[PlyCount "134"]
[EventDate "2017.10.21"]
[EventRounds "9"]
[EventCountry "RUS"]

1. d4 d5 2. c4 e6 3. cxd5 exd5 4. Nc3 c6 5. Nf3 Nf6 6. Bg5 Bf5 7. e3 Qb6 8. Bd3
Ne4 9. O-O Qxb2 10. Bxe4 dxe4 11. Nh4 g6 12. Bf6 Rg8 13. Nxe4 Nd7 14. Qf3 Qb5
15. Be5 Bxe4 16. Qxe4 Qd5 17. Qxd5 cxd5 18. Bg3 Be7 19. Nf3 Bd8 20. Rfb1 b6 21.
Rb5 Nf6 22. Rc1 a6 23. Rb2 Ne4 24. Rc6 f6 25. Ne1 Kd7 26. Rbc2 Re8 27. Nd3 Re6
28. Rxe6 Kxe6 29. f3 Nxg3 30. hxg3 Kd6 31. Kf2 Ra7 32. e4 dxe4 33. fxe4 Rc7 34.
Rxc7 Bxc7 35. Nb4 a5 36. Nd5 f5 37. Nxc7 Kxc7 38. e5 Kc6 39. e6 Kd6 40. d5 b5
41. Ke3 h5 42. Kf4 b4 43. Kg5 Ke7 44. Kf4 Kd6 45. Kg5 Ke7 46. Kf4 Kd6 47. Ke3
g5 48. Kd4 a4 49. Kc4 b3 50. axb3 a3 51. Kc3 f4 52. b4 h4 53. b5 a2 54. Kb2
a1=Q+ 55. Kxa1 h3 56. gxf4 gxf4 57. gxh3 f3 58. Kb2 f2 59. Kc3 f1=Q 60. Kb4 Qf2
61. h4 Qd4+ 62. Ka5 Qxd5 63. Ka6 Qa8+ 64. Kb6 Kxe6 65. h5 Kd6 66. h6 Qb8+ 67.
Ka6 Kc5  0-1

[Event "M.Chigorin Memorial 2017 "]
[Site "?????-?????????"]
[Date "2017.10.26"]
[Round "6"]
[Board "68"]
[White "Tarasov, Ilya"]
[Black "Martynyuk, Elizaveta"]
[Result "1-0"]
[WhiteElo "2102"]
[BlackElo "2302"]
[PlyCount "55"]
[EventDate "2017.10.21"]
[EventRounds "9"]
[EventCountry "RUS"]

1. d4 d5 2. Nf3 Nf6 3. c4 c6 4. cxd5 cxd5 5. Nc3 Nc6 6. Bf4 Bf5 7. e3 e6 8. Bb5
Bd6 9. Ne5 Bxe5 10. Bxe5 O-O 11. Bxc6 bxc6 12. O-O Qe7 13. Rc1 Rfc8 14. Bxf6
Qxf6 15. Na4 e5 16. Rc3 Rab8 17. a3 Rc7 18. dxe5 Qxe5 19. Qd4 Qd6 20. Rfc1 Bc8
21. e4 Qf4 22. g3 Qxe4 23. Re3 Re7 24. Rxe4 Rxe4 25. Qxa7 Rb7 26. Qa8 Rc7 27.
Nb6 Re8 28. Rxc6  1-0

[Event "M.Chigorin Memorial 2017 "]
[Site "?????-?????????"]
[Date "2017.10.26"]
[Round "6"]
[Board "69"]
[White "Runets, Ivan"]
[Black "Zhai, Mo"]
[Result "0-1"]
[WhiteElo "1945"]
[BlackElo "2300"]
[PlyCount "64"]
[EventDate "2017.10.21"]
[EventRounds "9"]
[EventCountry "RUS"]

1. d4 Nf6 2. Nf3 g6 3. g3 Bg7 4. Bg2 c5 5. c3 Qc7 6. O-O d6 7. Nbd2 cxd4 8.
cxd4 Bf5 9. Qa4+ Nbd7 10. Re1 Bc2 11. b3 O-O 12. Bb2 Rfc8 13. Rec1 Bh6 14. e3
Nb6 15. Qa3 Qd7 16. Ne1 Bf5 17. Rxc8+ Qxc8 18. Rc1 Qd7 19. Rd1 a5 20. Nc4 Nbd5
21. Ba1 Ra6 22. Qb2 b5 23. Ne5 Qe6 24. N5d3 b4 25. Qe2 Rc6 26. Rc1 Rxc1 27.
Nxc1 Nxe3 28. Ncd3 Nxg2 29. Qxe6 Bxe6 30. Nxg2 Bf5 31. Nb2 d5 32. Na4 Bb1  0-1

[Event "M.Chigorin Memorial 2017 "]
[Site "?????-?????????"]
[Date "2017.10.26"]
[Round "6"]
[Board "70"]
[White "Konaplev, Anton"]
[Black "Chekmareva, Liya"]
[Result "1-0"]
[WhiteElo "2298"]
[BlackElo "2077"]
[PlyCount "99"]
[EventDate "2017.10.21"]
[EventRounds "9"]
[EventCountry "RUS"]

1. d4 Nf6 2. c4 g6 3. Nc3 d5 4. Bf4 Bg7 5. e3 c5 6. dxc5 Qa5 7. Qb3 dxc4 8.
Bxc4 O-O 9. Qb5 Qxb5 10. Bxb5 Bd7 11. Rc1 Bxb5 12. Nxb5 Nc6 13. Nc3 Nb4 14. Ke2
Rfd8 15. Nf3 Nd3 16. Rc2 Nxc5 17. Rd1 Rxd1 18. Nxd1 Ne6 19. Be5 Nd7 20. Bxg7
Kxg7 21. Nd4 Ndc5 22. Rc4 Rd8 23. Nc3 Rd7 24. b4 Nxd4+ 25. Rxd4 Rxd4 26. exd4
Na6 27. a3 Nc7 28. Kd3 Kf8 29. d5 Ke8 30. Kd4 Kd7 31. a4 f5 32. Ke5 Na6 33. Na2
Nc7 34. h3 Ne8 35. Nc1 Nd6 36. Nd3 Nf7+ 37. Kd4 Kd6 38. f4 Nh6 39. Ne5 Ng8 40.
Nc4+ Kd7 41. Na5 b6 42. Nc6 a6 43. Ke5 e6 44. Nb8+ Kc8 45. Nxa6 exd5 46. b5 d4
47. Nb4 Kd7 48. Kxd4 Kc7 49. Nd5+ Kb7 50. Ke5  1-0

[Event "M.Chigorin Memorial 2017 "]
[Site "?????-?????????"]
[Date "2017.10.26"]
[Round "6"]
[Board "71"]
[White "Yeritsyan, Aram"]
[Black "Malinovsky, Ilya"]
[Result "1-0"]
[WhiteElo "2293"]
[BlackElo "2044"]
[PlyCount "79"]
[EventDate "2017.10.21"]
[EventRounds "9"]
[EventCountry "RUS"]

1. e4 e6 2. d4 d5 3. Nc3 Bb4 4. e5 Ne7 5. a3 Bxc3+ 6. bxc3 c5 7. h4 Qa5 8. Bd2
Nbc6 9. h5 h6 10. Qg4 Nf5 11. Bd3 Nce7 12. dxc5 Qxc5 13. Qb4 Qxb4 14. axb4 Nc6
15. g4 Nfe7 16. f4 f6 17. b5 Nd8 18. exf6 gxf6 19. g5 fxg5 20. fxg5 e5 21. Bg6+
Nxg6 22. hxg6 h5 23. Nf3 O-O 24. Nxe5 Re8 25. Bf4 Bg4 26. Kd2 Kg7 27. Nxg4 hxg4
28. Rh6 Re4 29. Ra4 Ne6 30. Rxe4 Nxg5 31. Bxg5 dxe4 32. Be3 b6 33. Rh4 Kxg6 34.
Rxg4+ Kf5 35. Rg5+ Kf6 36. Rh5 Rg8 37. Rh7 Ra8 38. Bd4+ Ke6 39. c4 Kf5 40. Bh8
 1-0

[Event "M.Chigorin Memorial 2017 "]
[Site "?????-?????????"]
[Date "2017.10.26"]
[Round "6"]
[Board "72"]
[White "Evdokimov, Alexey"]
[Black "Makoveev, Ilya"]
[Result "1-0"]
[WhiteElo "2280"]
[BlackElo "2041"]
[PlyCount "127"]
[EventDate "2017.10.21"]
[EventRounds "9"]
[EventCountry "RUS"]

1. Nf3 Nf6 2. g3 g6 3. Bg2 Bg7 4. O-O O-O 5. c4 d5 6. d3 c5 7. Nc3 Nc6 8. cxd5
Nxd5 9. Nxd5 Qxd5 10. Be3 Qd6 11. Rc1 Nd4 12. Bxd4 cxd4 13. Nd2 Be6 14. a3 Qb6
15. b4 a5 16. Nc4 Bxc4 17. Rxc4 axb4 18. Rxb4 Qc5 19. Qb3 Qc3 20. Rxb7 Rxa3 21.
Qb1 Bf6 22. h4 h5 23. Bd5 Kg7 24. Rc1 Qd2 25. Rb2 Qa5 26. Rb5 Qa7 27. Bf3 Rc3
28. Rf1 Rfc8 29. Rb7 Qc5 30. Kg2 Rc7 31. Rb5 Qa3 32. Rb8 Rc8 33. Rb2 Qc5 34.
Qa2 Ra3 35. Qd5 Qxd5 36. Bxd5 Ra5 37. Bc4 Rac5 38. Rfb1 R5c7 39. Ra2 e6 40. Kf3
Kf8 41. Ra6 Kg7 42. Rbb6 Be7 43. Ke4 Rd8 44. f4 Bf6 45. Kf3 Be7 46. Bxe6 fxe6
47. Rxe6 Kf7 48. Rxg6 Rc5 49. Rh6 Re8 50. Ra7 Kg7 51. Rd6 Kf8 52. Rxd4 Rc1 53.
Rd5 Rf1+ 54. Kg2 Re1 55. Ra2 Kf7 56. Rxh5 Bf6 57. Kf2 Rh1 58. Rd5 Rh2+ 59. Kf3
Rg8 60. Ra7+ Ke6 61. e4 Bd8 62. f5+ Kf6 63. Rd6+ Ke5 64. Raa6  1-0

[Event "M.Chigorin Memorial 2017 "]
[Site "?????-?????????"]
[Date "2017.10.26"]
[Round "6"]
[Board "73"]
[White "Tsaruk, Maksim"]
[Black "Artamonov, Valery"]
[Result "0-1"]
[WhiteElo "2090"]
[BlackElo "2273"]
[PlyCount "120"]
[EventDate "2017.10.21"]
[EventRounds "9"]
[EventCountry "RUS"]

1. e4 g6 2. d4 Bg7 3. Nc3 d6 4. Be3 a6 5. a4 b6 6. g3 Bb7 7. Bg2 Nf6 8. h3 O-O
9. Nge2 b5 10. axb5 axb5 11. Rxa8 Bxa8 12. O-O Nbd7 13. b4 Nb6 14. d5 Nc4 15.
Nd4 Nxe3 16. fxe3 Qb8 17. Qe2 Nh5 18. Qf2 e5 19. Ndxb5 c6 20. g4 Nf6 21. dxc6
Bxc6 22. Qe2 Rc8 23. Rb1 Bh6 24. Na3 Qa8 25. Nc4 Nxe4 26. Nxe4 Bxe4 27. Nxd6
Qa2 28. Rc1 Qa3 29. Bxe4 Qxc1+ 30. Kf2 Rd8 31. Nc4 Bg5 32. Kg3 Qg1+ 33. Bg2 e4
34. Qf1 Qxf1 35. Bxf1 Rb8 36. c3 Bf6 37. Na5 Be5+ 38. Kf2 Bxc3 39. Nc6 Ra8 40.
b5 Ra2+ 41. Kg3 g5 42. Bg2 Be1+ 43. Kh2 Rb2 44. Ne7+ Kf8 45. Nf5 Ba5 46. Kg1
Rxb5 47. Bxe4 Rb2 48. Nd6 Bb6 49. Nc4 Bxe3+ 50. Nxe3 Re2 51. Bxh7 Rxe3 52. Kg2
Ke7 53. Bf5 Kd6 54. Kh2 Ke5 55. Bc8 Kf4 56. Bb7 Re2+ 57. Bg2 Ra2 58. h4 gxh4
59. Kh3 Rxg2 60. Kxg2 Kxg4  0-1

[Event "M.Chigorin Memorial 2017 "]
[Site "?????-?????????"]
[Date "2017.10.26"]
[Round "6"]
[Board "74"]
[White "Murzin, Volodar"]
[Black "Poznyak, Nazar"]
[Result "1/2-1/2"]
[WhiteElo "2270"]
[BlackElo "2014"]
[PlyCount "76"]
[EventDate "2017.10.21"]
[EventRounds "9"]
[EventCountry "RUS"]

1. Nf3 d5 2. g3 Nf6 3. Bg2 c6 4. O-O Bf5 5. d3 h6 6. Nbd2 e6 7. b3 Be7 8. Bb2
O-O 9. Re1 Nbd7 10. e4 Bh7 11. e5 Ne8 12. Qe2 Nc7 13. Rad1 a5 14. a4 Na6 15.
Nb1 Qb6 16. Bc1 Nb4 17. h4 c5 18. Na3 Rfc8 19. Be3 Nc6 20. Nb5 Ndxe5 21. Nxe5
Nxe5 22. Bxh6 Bf6 23. Be3 Nc6 24. c4 dxc4 25. dxc4 Rd8 26. Qh5 Nd4 27. Bxd4
Bxd4 28. Be4 Bxe4 29. Rxe4 Qc6 30. Ree1 Rd7 31. Nxd4 cxd4 32. Qe5 Qd6 33. Qb5
Qc6 34. Qe5 Qd6 35. Qb5 Qc6 36. Qe5 Qd6 37. Qb5 Qc6 38. Qe5 Qd6  1/2-1/2

[Event "M.Chigorin Memorial 2017 "]
[Site "?????-?????????"]
[Date "2017.10.26"]
[Round "6"]
[Board "75"]
[White "Semenenko, Sergey"]
[Black "Iljiushenok, Ilia"]
[Result "0-1"]
[WhiteElo "2175"]
[BlackElo "2519"]
[PlyCount "66"]
[EventDate "2017.10.21"]
[EventRounds "9"]
[EventCountry "RUS"]

1. d4 Nf6 2. c4 g6 3. Nc3 Bg7 4. e4 d6 5. f3 O-O 6. Be3 c5 7. Nge2 Nc6 8. d5
Ne5 9. Ng3 h5 10. Be2 h4 11. Nf1 e6 12. f4 Nxc4 13. Bxc4 b5 14. Bxb5 exd5 15.
Bc6 Bg4 16. Qd3 dxe4 17. Qc2 Rb8 18. Nd2 Qc8 19. Bd5 Nxd5 20. Nxd5 Qb7 21. Qb3
Be6 22. Qxb7 Rxb7 23. Nc3 f5 24. Nb3 Bxb3 25. axb3 Rxb3 26. Nd5 Rd3 27. Rd1
Rxd1+ 28. Kxd1 Rb8 29. Kc1 Rxb2 30. Rd1 Rxg2 31. Ne7+ Kf8 32. Nc6 Re2 33. Bg1
Ra2  0-1

[Event "M.Chigorin Memorial 2017 "]
[Site "?????-?????????"]
[Date "2017.10.26"]
[Round "6"]
[Board "76"]
[White "Nechaeva, Marina"]
[Black "Scheglov, Dmitry"]
[Result "1-0"]
[WhiteElo "2431"]
[BlackElo "2155"]
[PlyCount "85"]
[EventDate "2017.10.21"]
[EventRounds "9"]
[EventCountry "RUS"]

1. d4 Nf6 2. c4 g6 3. Nf3 Bg7 4. g3 d6 5. Bg2 O-O 6. O-O Nc6 7. Nc3 e5 8. dxe5
Nxe5 9. Nxe5 dxe5 10. Qxd8 Rxd8 11. Bg5 Rd4 12. Rfd1 c6 13. Be3 Rxd1+ 14. Rxd1
Be6 15. b3 Ng4 16. Bc5 f5 17. e4 Nh6 18. exf5 gxf5 19. Na4 Bf8 20. Bxf8 Rxf8
21. Rd6 Rf6 22. Nc5 Kf7 23. Nxb7 e4 24. Rxc6 Kg6 25. h3 Kg5 26. Nc5 Bf7 27.
Bxe4 Rxc6 28. Bxc6 Kf6 29. f4 Ke7 30. Nd3 Kd6 31. Bf3 a5 32. Kf2 Be8 33. Ke3 a4
34. Kd4 Ng8 35. c5+ Kc7 36. bxa4 Bxa4 37. Nb4 Bb5 38. Ke5 Bf1 39. Nd5+ Kd8 40.
c6 Nh6 41. Kd6 Nf7+ 42. Ke6 Nh6 43. c7+  1-0

[Event "M.Chigorin Memorial 2017 "]
[Site "?????-?????????"]
[Date "2017.10.26"]
[Round "6"]
[Board "77"]
[White "Sadovsky, Artem"]
[Black "Ufimtsev, Egor"]
[Result "1-0"]
[WhiteElo "2407"]
[BlackElo "2143"]
[PlyCount "101"]
[EventDate "2017.10.21"]
[EventRounds "9"]
[EventCountry "RUS"]

1. c4 Nf6 2. g3 e6 3. Bg2 d5 4. Nf3 Be7 5. O-O O-O 6. b3 c5 7. Bb2 Nc6 8. cxd5
Nxd5 9. Nc3 Bf6 10. Qc1 b6 11. Nxd5 exd5 12. d4 Ba6 13. dxc5 bxc5 14. Bxf6 Qxf6
15. Qxc5 Bxe2 16. Rfc1 Rac8 17. Qxd5 Rfd8 18. Qg5 Qxg5 19. Nxg5 Nd4 20. Rxc8
Rxc8 21. Bd5 Bh5 22. Be4 h6 23. Nh3 Re8 24. Bd3 Be2 25. Nf4 Bxd3 26. Nxd3 Re2
27. Nc5 Rc2 28. b4 Rb2 29. Nd3 Rd2 30. Ne5 Rb2 31. a3 Nc2 32. Rd1 Nxa3 33. Rd8+
Kh7 34. Nxf7 Rxb4 35. f4 Nc4 36. f5 g6 37. f6 g5 38. Nxg5+ hxg5 39. f7 Rb1+ 40.
Kf2 Rb2+ 41. Ke1 Rb1+ 42. Ke2 Rb2+ 43. Kd1 Rb1+ 44. Kc2 Na3+ 45. Kc3 Nb5+ 46.
Kd2 Rb2+ 47. Ke3 Rb3+ 48. Kf2 Rb2+ 49. Kf1 Rb1+ 50. Kg2 Rb2+ 51. Kh3  1-0

[Event "M.Chigorin Memorial 2017 "]
[Site "?????-?????????"]
[Date "2017.10.26"]
[Round "6"]
[Board "78"]
[White "Gubajdullin, Alexei"]
[Black "Lagashin, Pavel"]
[Result "1-0"]
[WhiteElo "2391"]
[BlackElo "2138"]
[PlyCount "67"]
[EventDate "2017.10.21"]
[EventRounds "9"]
[EventCountry "RUS"]

1. d4 Nf6 2. Bf4 e6 3. e3 c5 4. c3 d5 5. Nd2 Nc6 6. Ngf3 Bd6 7. Bg3 O-O 8. Bd3
b6 9. Ne5 Bxe5 10. dxe5 Nd7 11. f4 Qe7 12. Nf3 f5 13. exf6 Nxf6 14. Bh4 e5 15.
Bb5 Qd6 16. Bxc6 Qxc6 17. Nxe5 Qe6 18. O-O Bb7 19. Bxf6 gxf6 20. Qg4+ Qxg4 21.
Nxg4 Rae8 22. Rfe1 Re6 23. Nh6+ Kg7 24. Nf5+ Kg6 25. Nh4+ Kf7 26. Rad1 a5 27.
Nf5 Kg6 28. g4 h5 29. h3 hxg4 30. hxg4 Rh8 31. e4 Rxe4 32. Rxe4 dxe4 33. Rd7
Rh7 34. Ne7+  1-0

[Event "M.Chigorin Memorial 2017 "]
[Site "?????-?????????"]
[Date "2017.10.26"]
[Round "6"]
[Board "79"]
[White "Zhang, Ziji"]
[Black "Krasovskiy, Sviatoslav"]
[Result "1/2-1/2"]
[WhiteElo "2387"]
[BlackElo "2128"]
[PlyCount "120"]
[EventDate "2017.10.21"]
[EventRounds "9"]
[EventCountry "RUS"]

1. d4 Nf6 2. c4 e6 3. Nf3 b6 4. g3 Ba6 5. b3 b5 6. cxb5 Bxb5 7. Bg2 Bc6 8. O-O
Be7 9. Nc3 O-O 10. Qc2 Bb7 11. Bf4 Na6 12. a3 c5 13. dxc5 Nxc5 14. b4 Nce4 15.
Ng5 Rc8 16. Ngxe4 Bxe4 17. Bxe4 Nxe4 18. Qxe4 Rxc3 19. Qd4 Bf6 20. Qxa7 Qa8 21.
Qxd7 Rd8 22. Qb5 g5 23. Bxg5 Rd5 24. Qxd5 Qxd5 25. Bxf6 Rc8 26. Rfd1 Qf5 27.
Bb2 h5 28. Rd2 Rc2 29. Rad1 Rxd2 30. Rxd2 Qb1+ 31. Kg2 Qe4+ 32. f3 Qe3 33. Rd8+
Kh7 34. Kf1 Qb3 35. Rd2 f5 36. Kf2 Kg6 37. h4 Qa2 38. Ke3 Qb3+ 39. Kf2 Qa2 40.
f4 Qb1 41. Be5 Qh1 42. Rd3 Qh2+ 43. Kf3 Qh1+ 44. Ke3 Qg1+ 45. Kd2 Qb1 46. Bd6
Kf7 47. Be5 Ke7 48. Kc3 Qe1+ 49. Kc4 Qxe2 50. b5 Qc2+ 51. Rc3 Qe4+ 52. Kc5 Kd7
53. Kb6 Qa8 54. Rd3+ Ke8 55. Kc5 Qe4 56. Rd4 Qc2+ 57. Kd6 Qb3 58. a4 Kd8 59.
Kc6+ Kc8 60. b6 Qxb6+  1/2-1/2

[Event "M.Chigorin Memorial 2017 "]
[Site "?????-?????????"]
[Date "2017.10.26"]
[Round "6"]
[Board "80"]
[White "Karpenko, Artem"]
[Black "Paramzina, Anastasya"]
[Result "1-0"]
[WhiteElo "2362"]
[BlackElo "2123"]
[PlyCount "77"]
[EventDate "2017.10.21"]
[EventRounds "9"]
[EventCountry "RUS"]

1. d4 Nf6 2. c4 e6 3. g3 d5 4. Bg2 Bb4+ 5. Nd2 O-O 6. Ngf3 b6 7. O-O Bb7 8. Ne5
Nbd7 9. Qa4 Bxd2 10. Bxd2 Nxe5 11. dxe5 Ne4 12. Rfd1 Qe7 13. Bb4 c5 14. Be1 f5
15. Rac1 d4 16. h4 Qc7 17. f3 Qxe5 18. fxe4 Bxe4 19. Bf3 f4 20. g4 Bxf3 21.
exf3 Qe2 22. Qb3 e5 23. Qd3 Qxd3 24. Rxd3 Rae8 25. Bd2 e4 26. fxe4 f3 27. Kf2
Rxe4 28. Rxf3 Rxg4 29. Rxf8+ Kxf8 30. Bg5 d3 31. b3 h6 32. Kf3 Rd4 33. Bf4 d2
34. Rd1 Rd3+ 35. Be3 g5 36. hxg5 hxg5 37. Rxd2 g4+ 38. Ke2 Rc3 39. Rb2  1-0